Bienvenue à la Médiathèque de Saint-Andiol
banniere
Accueil Recherche avancée Mon compte
handi1 Rechercher dans le catalogue

Filtre   Mots-clés
  Recherche avancée
 
Lister les dernières nouveautés
 
Lister les livres GROS CARACTERES
 
Lister les périodiques (magazines)

handi1 corps abstinents (Les)

<< Retourner aux résultats de la recherche
Book Cover
Auteur principal : Emmanuelle Richard
Titre : corps abstinents (Les)
Support : Livres
Langue : Francais
Publié : 2020 Flammarion Paris
Genre : Documentaire
Sujets : Récits personnels
Étiquettes :
Pas de tags
LEADER 01753nam0a2200241 450
001 16851408
010 |a 978-2-0815-0437-0  |b br.  |d 19 € 
100 |a 20200722d2020 u u0frey01 ba 
101 0 |a fre 
102 |a FR 
200 0 |a corps abstinents (Les)  |f Emmanuelle Richard 
207 1 |a   
210 |a Paris  |b 26 rue Racine.  |c Flammarion  |d 2020 
215 |a 1 vol. (285 p.)  |c couv. non ill.  |d 21 cm 
330 |a "Qui sont ces corps abstinents ? Intriguée par ce sujet tabou et opaque, abstinente elle-même pendant cinq ans, l¹écrivaine Emmanuelle Richard a recueilli l¹intimité de ces sexualités non partagées. Pour Sandrine, l¹abstinence est son ordinaire car elle ne parvient pas à établir le lien dont elle aurait besoin pour se sentir bien avec l¹autre ; le jeune Noâm a profité de ce temps de retrait pour redéfinir sa masculinité ; Virginie dit avoir gagné son autonomie grâce aux sextoys ; Paul est un retraité très heureux malgré la fin de toute relation sexuelle dans son couple; pour Sylvia, l¹absence de sexualité est une libération. Près de quarante personnes se confient, loin des stéréotypes et des idées approximatives, tissant peu à peu un récit polyphonique empreint de délicatesse. Par-delà la mélancolie, sans amertume ni ostentation, s¹élève une parole forte sur l¹absence du toucher où se laisse entendre l¹universelle quête du sens. Et d¹amour comme toujours." 
606 0 |a Sexualité 
606 0 |a Abstinence sexuelle  |x Récits personnels 
610 0 |a Récits personnels 
676 |a 306.7 
700 0 |a Richard  |b Emmanuelle  |f 1985-....  |4 70 
900 |a Documentaire 
901 |a Adultes 
995 |a Médiathèque  |c Médiathèque  |f 089017609  |h 089017609  |k 306.7 RIC  |o p  |q a  |r az  |e Médiathèque